000 01149nam a22002417a 4500
003 OSt
005 20220613022003.0
008 201223b ||||| |||| 00| 0 eng d
020 _a9781984624970
040 _bEnglish.
_cCvSU-CCAT Campus Library.
_erda.
_aCvSU-CCAT Campus Library.
050 _aD 20
_bT47 2019
110 _a3G E-learning FZ LLC.
_9552
245 _aHistorical Foundations of the Modern World /
_cauthored and edited by 3G E-learning FZ LLC.
260 _aNew York :
_b3G E-learning FZ LLC,
_cc2019.
300 _axi, 248 pages :
_bcolor illustrations ;
_c30 cm
504 _aIncludes bibliographical references and index.
520 _aThis insightful and wide-ranging book traces the genesis of international intellectual thought, connecting international and global history with intellectual history. The book expands our understanding of the increasingly significant role religion plays in the ongoing construction of the modern world.
546 _aIn English text.
650 _aCivilization, Modern.
_9553
650 _aWorld history.
_9481
942 _cBK
_hD 20 T47 2019
_2lcc
_kCIR
999 _c209
_d209